Online
Catalog

De espantos y espasmos : (Record no. 57984)

MARC details
000 -CABECERA
campo de control de longitud fija 01473nam a2200373 i 4500
003 - IDENTIFICADOR DEL NÚMERO DE CONTROL
campo de control DO-SdBNP
005 - FECHA Y HORA DE LA ÚLTIMA TRANSACCIÓN
campo de control 20260321073646.0
007 - CAMPO FIJO DE DESCRIPCIÓN FÍSICA--INFORMACIÓN GENERAL
campo de control de longitud fija ta
008 - DATOS DE LONGITUD FIJA--INFORMACIÓN GENERAL
campo de control de longitud fija 241219s2003 dr o 000 0 spa d
020 ## - NÚMERO INTERNACIONAL ESTÁNDAR DEL LIBRO
Número Internacional Estándar del Libro 9993403741
040 ## - FUENTE DE LA CATALOGACIÓN
Centro catalogador/agencia de origen DO-SdBNP
Lengua de catalogación spa
Centro/agencia transcriptor BNPHU
Normas de descripción rda
082 #4 - NÚMERO DE LA CLASIFICACIÓN DECIMAL DEWEY
Número de clasificación xxx
Número de documento/Ítem xx
Número de edición 22
100 1# - ENTRADA PRINCIPAL--NOMBRE DE PERSONA
Nombre de persona Bosch, Juan,
Fechas asociadas al nombre 1909-2001
Término indicativo de función/relación autor
Código de función/relación aut.
9 (RLIN) 76555
245 10 - MENCIÓN DE TÍTULO
Título De espantos y espasmos :
Resto del título cuentos de amor y visiones /
Mención de responsabilidad, etc. Juan Bosch, Virgilio Díaz Grullón, Jeannette Miller, Pedro Vergés, Oquendo Medina y otros
250 ## - MENCIÓN DE EDICIÓN
Mención de edición 1a. edición
264 #1 - PRODUCCIÓN, PUBLICACIÓN, DISTRIBUCIÓN, FABRICACIÓN Y COPYRIGHT
Producción, publicación, distribución, fabricación y copyright Santo Domingo :
Nombre del de productor, editor, distribuidor, fabricante Ediciones Moradas,
Fecha de producción, publicación, distribución, fabricación o copyright 2003.
300 ## - DESCRIPCIÓN FÍSICA
Extensión 174 páginas
Otras características físicas fotografías
Dimensiones 22 cm.
336 ## - TIPO DE CONTENIDO
Término de tipo de contenido texto
Código de tipo de contenido txt
Fuente rdacontent
337 ## - TIPO DE MEDIO
Nombre/término del tipo de medio sin mediación
Código del tipo de medio n
Fuente rdamedia
338 ## - TIPO DE SOPORTE
Nombre/término del tipo de soporte volumen
Código del tipo de soporte nc
Fuente rdacarrier
590 ## - NOTA LOCAL (RLIN)
Nota local Inventariado, 2024/ YL
700 1# - PUNTO DE ACCESO ADICIONAL--NOMBRE DE PERSONA
Nombre de persona Díaz Grullón, Virgilio,
Fechas asociadas al nombre 1924-2001
Término indicativo de función/relación autor
9 (RLIN) 501
Código de función/relación aut.
700 1# - PUNTO DE ACCESO ADICIONAL--NOMBRE DE PERSONA
Nombre de persona Miller, Jeannette,
Fechas asociadas al nombre 1944-
Término indicativo de función/relación autor
9 (RLIN) 83484
Código de función/relación aut.
700 1# - PUNTO DE ACCESO ADICIONAL--NOMBRE DE PERSONA
Nombre de persona Verges, Pedro,
Fechas asociadas al nombre 1945-
Término indicativo de función/relación autor
9 (RLIN) 12149
Código de función/relación aut.
700 1# - PUNTO DE ACCESO ADICIONAL--NOMBRE DE PERSONA
Nombre de persona Medina, Oquendo,
Fechas asociadas al nombre 1955-
Término indicativo de función/relación autor
9 (RLIN) 14493
Código de función/relación aut.
700 ## - PUNTO DE ACCESO ADICIONAL--NOMBRE DE PERSONA
Nombre de persona Bobadilla, José,
Fechas asociadas al nombre 1955-
Término indicativo de función/relación autor
9 (RLIN) 11356
Código de función/relación aut.
700 1# - PUNTO DE ACCESO ADICIONAL--NOMBRE DE PERSONA
Nombre de persona Disla, Reynaldo,
Fechas asociadas al nombre 1956-
Término indicativo de función/relación autor
9 (RLIN) 17260
Código de función/relación aut.
700 ## - PUNTO DE ACCESO ADICIONAL--NOMBRE DE PERSONA
Nombre de persona García Romero, Rafael,
Fechas asociadas al nombre 1957-
Término indicativo de función/relación autor
9 (RLIN) 1671
Código de función/relación aut.
700 ## - PUNTO DE ACCESO ADICIONAL--NOMBRE DE PERSONA
Nombre de persona Vega, Ricardo
Fechas asociadas al nombre 1964-
Término indicativo de función/relación autor
9 (RLIN) 30262
Código de función/relación aut.
700 1# - PUNTO DE ACCESO ADICIONAL--NOMBRE DE PERSONA
Nombre de persona López Azuán, Virgilio,
Fechas asociadas al nombre 1959-
Término indicativo de función/relación autor
9 (RLIN) 64493
Código de función/relación aut.
700 1# - PUNTO DE ACCESO ADICIONAL--NOMBRE DE PERSONA
Nombre de persona Stanley, Avelino,
Fechas asociadas al nombre 1959-
Término indicativo de función/relación autor
9 (RLIN) 1536
Código de función/relación aut.
910 ## - DATOS DE OPCIÓN DEL USUARIO (OCLC)
Datos de opción del usuario YLockward
942 ## - ELEMENTOS DE PUNTO DE ACCESO ADICIONAL (KOHA)
Fuente del sistema de clasificación o colocación Dewey Decimal Classification
Tipo de ítem Koha Libro
Holdings
Estado de retiro Estado de pérdida Fuente del sistema de clasificación o colocación Restricciones de uso No para préstamo Código de colección Localización permanente Ubicación/localización actual Ubicación en estantería Fecha de adquisición Fuente de adquisición Total de préstamos Signatura topográfica completa Código de barras Fecha visto por última vez Precio válido a partir de Tipo de ítem Koha Nota pública
    Dewey Decimal Classification Excluido de préstamo   Patrimonio Dominicano Biblioteca Nacional Pedro Henríquez Ureña Biblioteca Nacional Pedro Henríquez Ureña En catalogación 01.12.2023 Donado por la Presidencia de la República Dominicana 2023   BNPHU PD xxx xx 2024-7063 19.12.2024 19.12.2024 Libro Perteneció a la biblioteca personal de René Rodríguez Soriano

Powered by Koha